ბათუმის შოთა რუსთაველის სახელმწიფო უნივერსიტეტის ბიბლიოთეკა

Microeconomic Theory. (ბიბ.ჩანაწერი № 43827)

000 -LEADER
fixed length control field 00505nam a2200205Ia 4500
001 - CONTROL NUMBER
control field 10572
003 - CONTROL NUMBER IDENTIFIER
control field GE_BSU
008 - FIXED-LENGTH DATA ELEMENTS--GENERAL INFORMATION
fixed length control field 181216s||||||||xx |||||||||||||| ||und||
020 ## - INTERNATIONAL STANDARD BOOK NUMBER
International Standard Book Number 0195102681
040 ## - CATALOGING SOURCE
Transcribing agency GE_BSU
080 ## - UNIVERSAL DECIMAL CLASSIFICATION NUMBER
Universal Decimal Classification number 330.1
100 ## - MAIN ENTRY--PERSONAL NAME
Personal name Сolell-Mas,Andreu.Whinston D.Michael.Green R.Jerry.
245 ## - TITLE STATEMENT
Title Microeconomic Theory.
260 ## - PUBLICATION, DISTRIBUTION, ETC.
Name of publisher, distributor, etc. New York Oxford University Press.
260 ## - PUBLICATION, DISTRIBUTION, ETC.
Date of publication, distribution, etc. 1995.
300 ## - PHYSICAL DESCRIPTION
Extent 981p;25cm.
541 ## - IMMEDIATE SOURCE OF ACQUISITION NOTE
-- 43c.
653 ## - INDEX TERM--UNCONTROLLED
Uncontrolled term Microeconomic Theory.
942 ## - ADDED ENTRY ELEMENTS (KOHA)
Koha item type წიგნი
ეგზემპლარები
Withdrawn status Lost status Damaged status Not for loan Date acquired Barcode Date last seen Price effective from Koha item type
        2018-12-17 12304 2018-12-17 2018-12-17 წიგნი